| 000 | 00469nam a2200181 a 4500 | ||
|---|---|---|---|
| 001 | 3682 | ||
| 003 | CDMR | ||
| 005 | 20131025105427.0 | ||
| 008 | 130130s1980||||||||||||||||||||||||||||d | ||
| 020 | _a8432035599 | ||
| 040 |
_aCDMR _bcat _cCDMR |
||
| 110 | 2 |
_aYale _92622 |
|
| 245 | 1 | 3 |
_aUn reportero a la pata coja _b: Yale cuenta su vida _cYale |
| 260 |
_aBarcelona _c1980 _bPlaneta |
||
| 490 |
_aDocumento _v19 |
||
| 650 | 0 | 4 |
_93074 _aPeriodistes _vBiografia |
| 942 |
_cMON _2udc |
||
| 999 |
_c3682 _d3682 |
||